| 000 | 01044 a2200301 4500 | ||
|---|---|---|---|
| 005 | 20180312144701.0 | ||
| 008 | 130905s2008 sp ||||fr|||| 00| 0 spa d | ||
| 020 | _a9788472451377 | ||
| 040 |
_aCO-BoUCM _bspa _cJose A. Gerena (modificó) _dAldemar Mondragón |
||
| 041 | 0 | 0 | _aspa |
| 060 | _aBF 161 | ||
| 245 | 0 | 0 |
_aMás allá del ego _btextos de psicología transpersonal _cAbraham H. Maslow...[y otros] ; compilación de Roger Walsh y Frances Vaughan |
| 250 | _a10a ed | ||
| 260 |
_c2008 _bKairos _aBarcelona (España) |
||
| 300 | _a419 páginas | ||
| 500 | _aIncluye glosario | ||
| 650 | 7 |
_aEgo (Psicología) _913923 |
|
| 650 | 7 |
_aMente y cuerpo _919302 |
|
| 650 | 7 |
_aPsicología transpersonal _922857 |
|
| 690 | _aPsicología | ||
| 700 | 1 |
_aColeman, Daniel _944779 |
|
| 700 | 1 |
_aDass, Ram _944778 |
|
| 700 | 1 |
_aKornfield, Jack _944780 |
|
| 700 | 1 |
_aMaslow, Abraham H. _944777 |
|
| 700 | 1 |
_aVaughan, Frances _ecompilador _944782 |
|
| 700 | 1 |
_aWalsh, Roger _ecompilador _944781 |
|
| 942 |
_cLIBRO _a9 _e10 _mM939 _2NLM _hBF 161 _n0 |
||
| 999 |
_c171393 _d171393 |
||